000 00936nam a2200205 a 4500
001 000163813
003 AM-YeHGA
005 20250617123319.0
008 000503s1976 ru ||||gr|||||||||0|ger|d
040 _aAM-YeHGA
041 0 _ager
_arus
245 0 0 _aРассказы немецких писателей 20 в. :
_bКнига для чтения на 3 курсе отделений немецкого языка педагогических институтов : (На немецком языке) /
_cПодгот. текста и коммент. Э.Л. Брагиной.
246 1 5 _aKleine deutsche Prosa 20. Jahrhundert
260 _aЛенинград :
_bПросвещение. Ленингр. отд-ние,
_c1976.
300 _a216 с.
650 1 4 _aНемецкая литература - 20 в.
700 1 _aБрагина, Э.Л.
_eподгот.
_4adp
_eкоммент.
_4cmm
942 _2udc
_cBK
090 _c56977
999 _c56087
_d56087